LEADER 01844nam 2200541 450 001 9910494606503321 010 $a90-272-6264-0 035 $a(CKB)4100000007927818 035 $a(MiAaPQ)EBC5747428 035 $a(EXLCZ)994100000007927818 100 $a20190424d2019 uy 0 101 0 $aeng 135 $aurcnu|||||||| 181 $ctxt$2rdacontent 182 $cc$2rdamedia 183 $acr$2rdacarrier 200 10$aPrepositions, case and verbal prefixes $ethe case of Slavic /$fPetr Biskup 210 1$aAmsterdam ;$aPhiladelphia :$cJohn Benjamins Publishing Company,$d[2019] 210 4$d©2019 215 $a1 online resource (241 pages) 225 1 $aLinguistik aktuell/Linguistics today ;$vVolume 255 311 $a90-272-0308-3 320 $aIncludes bibliographical references and index. 410 0$aLinguistik aktuell = Linguistics today ;$vVolume 255. 606 $aSlavic languages$xWord formation 606 $aSlavic languages$xPrepositions 606 $aSlavic languages$xVerb 606 $aSlavic languages$xSuffixes and prefixes 606 $aSlavic languages$xCase 606 $aSlavic languages$xAgreement 606 $aSlavic languages$xGrammar, Comparative 608 $aElectronic books. 615 0$aSlavic languages$xWord formation. 615 0$aSlavic languages$xPrepositions. 615 0$aSlavic languages$xVerb. 615 0$aSlavic languages$xSuffixes and prefixes. 615 0$aSlavic languages$xCase. 615 0$aSlavic languages$xAgreement. 615 0$aSlavic languages$xGrammar, Comparative. 676 $a491.80457 700 $aBiskup$b Petr$0903596 801 0$bMiAaPQ 801 1$bMiAaPQ 801 2$bMiAaPQ 906 $aBOOK 912 $a9910494606503321 996 $aPrepositions, case and verbal prefixes$92447761 997 $aUNINA LEADER 00925nam a2200265 i 4500 001 991003036389707536 005 20020509111033.0 008 961211s1994 fr ||| | fre 020 $a2711611914 035 $ab11099094-39ule_inst 035 $aPARLA173869$9ExL 040 $aDip.to Filol. Class. e Med.$bita 082 0 $a160 100 1 $aGranger, Gilles-Gaston$045159 245 10$aFormes opérations objets /$cGilles-Gaston Granger 260 $aParis :$bLibrairie Philosophique J.Vrin,$cc1994 300 $a402 p. ;$c22 cm. 490 0 $aMathesis 650 4$aLogica simbolica 907 $a.b11099094$b23-02-17$c28-06-02 912 $a991003036389707536 945 $aLE007 160 GRA 01.01$g1$i2007000023983$lle007$nLE007 2015 CC$o-$pE0.00$q-$rl$s- $t0$u1$v0$w1$x0$y.i11232766$z28-06-02 996 $aFormes opérations objets$9857344 997 $aUNISALENTO 998 $ale007$b01-01-96$cm$da $e-$ffre$gfr $h0$i1